[Event "European Rapid Championship 2021"]
[Site "Katowice"]
[Date "2021.12.19"]
[Round "7.12"]
[White "Lubczynski, Rafal"]
[Black "Smieszek, Wojciech"]
[Result "1-0"]
[WhiteElo "2289"]
[BlackElo "2033"]
[Annotator "NA"]
[PlyCount "73"]
[EventDate "2021.12.18"]
[EventType "swiss"]
[EventCountry "POL"]
[SourceTitle "playchess.com"]
[Source "ChessBase"]
[SourceQuality "1"]
[TimeControl "900+10"]

1. Nf3 {[%emt 0:01:37]} Nf6 {[%emt 0:00:57]} 2. g3 {[%emt 0:00:03]} c5 {
[%emt 0:00:02]} 3. c4 {[%emt 0:00:02]} Nc6 {[%emt 0:00:02]} 4. d4 {[%emt 0:00:
03]} cxd4 {[%emt 0:00:02]} 5. Nxd4 {[%emt 0:00:01]} g6 {[%emt 0:00:01]} 6. Bg2
{[%emt 0:00:02]} Bg7 {[%emt 0:00:02]} 7. O-O {[%emt 0:00:06]} O-O {[%emt 0:00:
02]} 8. Nc2 {[%emt 0:00:07]} d6 {[%emt 0:00:06]} 9. Nc3 {[%emt 0:00:03]} Be6 {
[%emt 0:00:04]} 10. Ne3 {[%emt 0:00:55]} Qd7 {[%emt 0:00:14]} 11. Bd2 {[%emt 0:
02:30]} Ne5 {[%emt 0:01:02]} 12. b3 {[%emt 0:00:11]} Bh3 {[%emt 0:00:14]} 13.
Rc1 {[%emt 0:00:16]} Bxg2 {[%emt 0:00:25]} 14. Kxg2 {[%emt 0:00:03]} a6 {
[%emt 0:00:44]} 15. f3 {[%emt 0:01:07]} b5 {[%emt 0:03:19]} 16. cxb5 {[%emt 0:
02:44]} axb5 {[%emt 0:00:02]} 17. Ncd5 {[%emt 0:00:01]} Nxd5 {[%emt 0:00:24]}
18. Nxd5 {[%emt 0:00:01]} Qb7 {[%emt 0:00:52]} 19. Nb4 {[%emt 0:00:30]} Rfc8 {
[%emt 0:00:47]} 20. Be3 {[%emt 0:02:41]} Ng4 {[%emt 0:02:34]} 21. Bg1 {[%emt 0:
00:30]} Bh6 {[%emt 0:00:04]} 22. Rxc8+ {[%emt 0:00:12]} Rxc8 {[%emt 0:00:01]}
23. Qd5 {[%emt 0:00:45]} Qd7 {[%emt 0:02:33]} 24. fxg4 {[%emt 0:00:05]} Qxg4 {
[%emt 0:00:02]} 25. Nc6 {[%emt 0:03:24]} e6 {[%emt 0:00:32]} 26. Ne7+ {[%emt 0:
01:02]} Kf8 {[%emt 0:00:13]} 27. Qxd6 {[%emt 0:00:21]} Qxe2+ {[%emt 0:01:17]}
28. Rf2 {[%emt 0:00:15]} Qe4+ {[%emt 0:00:15]} 29. Kh3 {[%emt 0:00:01]} Re8 {
[%emt 0:01:19]} 30. Nf5+ {[%emt 0:00:03]} Kg8 {[%emt 0:00:11]} 31. Nxh6+ {
[%emt 0:00:01]} Kg7 {[%emt 0:00:01]} 32. Rxf7+ {[%emt 0:00:21]} Kxh6 {[%emt 0:
00:03]} 33. Qf4+ {[%emt 0:00:12]} Qxf4 {[%emt 0:00:03]} 34. Rxf4 {[%emt 0:00:
15]} Ra8 {[%emt 0:00:04]} 35. Rf2 {[%emt 0:00:11]} Kg5 {[%emt 0:00:01]} 36. Re2
{[%emt 0:00:04]} Kf5 {[%emt 0:00:02]} 37. Bd4 {[%emt 0:00:01]} 1-0

[Event "European Rapid Championship 2021"]
[Site "Katowice"]
[Date "2021.12.19"]
[Round "7.12"]
[White "Sharankov, Grigory"]
[Black "Stefansson, Hannes"]
[Result "0-1"]
[WhiteElo "2220"]
[BlackElo "2519"]
[Annotator "ChessBase"]
[PlyCount "50"]
[EventDate "2021.12.18"]
[EventType "swiss"]
[EventCountry "POL"]
[SourceTitle "playchess.com"]
[Source "ChessBase"]
[SourceQuality "1"]
[TimeControl "900+10"]

1. d4 {[%emt 0:00:02]} Nf6 {[%emt 0:00:01]} 2. c4 {[%emt 0:00:03]} e6 {[%emt 0:
00:01]} 3. g3 {[%emt 0:00:08]} c5 {[%emt 0:00:06]} 4. Nf3 {[%emt 0:00:09]} cxd4
{[%emt 0:00:11]} 5. Nxd4 {[%emt 0:00:02]} Qc7 {[%emt 0:00:07]} 6. Nc3 {[%emt 0:
00:21]} a6 {[%emt 0:00:03]} 7. Bg2 {[%emt 0:00:50]} Qxc4 {[%emt 0:00:29]} 8.
Bf4 {[%emt 0:00:44]} Nc6 {[%emt 0:00:45]} 9. Nxc6 {[%emt 0:00:39]} bxc6 {
[%emt 0:00:23]} 10. Bd6 {[%emt 0:00:12]} Bxd6 {[%emt 0:00:56]} 11. Qxd6 {
[%emt 0:00:02]} a5 {[%emt 0:00:06]} 12. O-O {[%emt 0:01:25]} Qb4 {[%emt 0:00:
10]} 13. Qd2 {[%emt 0:02:29]} O-O {[%emt 0:00:25]} 14. a3 {[%emt 0:00:37]} Qb3
{[%emt 0:00:25]} 15. Rac1 {[%emt 0:00:50]} d5 {[%emt 0:00:10]} 16. Nd1 {
[%emt 0:00:36]} Bb7 {[%emt 0:00:32]} 17. Rc3 {[%emt 0:01:21]} Qb6 {[%emt 0:00:
08]} 18. Qc2 {[%emt 0:01:20]} Rfc8 {[%emt 0:00:16]} 19. b3 {[%emt 0:01:49]} d4
{[%emt 0:01:35]} 20. Rc5 {[%emt 0:00:44]} Nd7 {[%emt 0:00:41]} 21. Rh5 {
[%emt 0:00:16]} g6 {[%emt 0:00:02]} 22. Rh4 {[%emt 0:00:01]} c5 {[%emt 0:00:10]
} 23. Bxb7 {[%emt 0:02:05]} Qxb7 {[%emt 0:00:02]} 24. e3 {[%emt 0:00:43]} Ne5 {
[%emt 0:00:14]} 25. Qe4 {[%emt 0:00:47]} Qxe4 {[%emt 0:00:03]} 0-1

[Event "European Rapid Championship 2021"]
[Site "Katowice"]
[Date "2021.12.19"]
[Round "7.13"]
[White "Vetoshko, Volodymyr"]
[Black "Mis, Mieszko"]
[Result "1/2-1/2"]
[WhiteElo "2483"]
[BlackElo "2237"]
[Annotator "ChessBase"]
[PlyCount "72"]
[EventDate "2021.12.18"]
[EventType "swiss"]
[EventCountry "POL"]
[SourceTitle "playchess.com"]
[Source "ChessBase"]
[SourceQuality "1"]
[TimeControl "900+10"]

1. e4 {[%emt 0:00:01]} c6 {[%emt 0:06:23]} 2. d4 {[%emt 0:00:02]} d5 {[%emt 0:
00:07]} 3. exd5 {[%emt 0:00:00]} cxd5 {[%emt 0:00:03]} 4. Bd3 {[%emt 0:00:02]}
Nf6 {[%emt 0:00:44]} 5. h3 {[%emt 0:00:01]} Qc7 {[%emt 0:00:50]} 6. Nf3 {
[%emt 0:00:28]} Nc6 {[%emt 0:00:24]} 7. c3 {[%emt 0:00:01]} g6 {[%emt 0:00:09]}
8. O-O {[%emt 0:00:05]} Bf5 {[%emt 0:00:22]} 9. Ne5 {[%emt 0:00:12]} e6 {
[%emt 0:02:03]} 10. Bb5 {[%emt 0:02:43]} Nd7 {[%emt 0:01:46]} 11. Bf4 {[%emt 0:
02:34]} Bd6 {[%emt 0:00:45]} 12. Nd2 {[%emt 0:00:46]} a6 {[%emt 0:01:16]} 13.
Bxc6 {[%emt 0:00:14]} bxc6 {[%emt 0:00:01]} 14. Re1 {[%emt 0:00:26]} Bxe5 {
[%emt 0:01:16]} 15. Bxe5 {[%emt 0:01:06]} Nxe5 {[%emt 0:00:01]} 16. Rxe5 {
[%emt 0:00:02]} Rb8 {[%emt 0:00:52]} 17. Nb3 {[%emt 0:02:18]} h5 {[%emt 0:00:
01]} 18. Qd2 {[%emt 0:00:39]} Qb6 {[%emt 0:00:11]} 19. Re2 {[%emt 0:00:36]} Kf8
{[%emt 0:00:40]} 20. Nc5 {[%emt 0:00:09]} Qa7 {[%emt 0:00:01]} 21. Qf4 {
[%emt 0:00:29]} Kg7 {[%emt 0:00:24]} 22. Qe5+ {[%emt 0:00:50]} Kh7 {[%emt 0:00:
06]} 23. Qf6 {[%emt 0:00:41]} Rhe8 {[%emt 0:00:18]} 24. f3 {[%emt 0:01:01]} e5
{[%emt 0:00:11]} 25. Rxe5 {[%emt 0:00:29]} Rxe5 {[%emt 0:00:01]} 26. Qxe5 {
[%emt 0:00:01]} Rxb2 {[%emt 0:00:02]} 27. Re1 {[%emt 0:00:16]} Rb1 {[%emt 0:00:
31]} 28. Rxb1 {[%emt 0:00:44]} Bxb1 {[%emt 0:00:00]} 29. Qd6 {[%emt 0:00:22]}
Bf5 {[%emt 0:00:20]} 30. Qxc6 Qe7 31. Qxd5 {[%emt 0:01:55]} Qe3+ {[%emt 0:00:
01]} 32. Kh2 {[%emt 0:00:43]} Qf4+ {[%emt 0:00:01]} 33. Kg1 {[%emt 0:00:05]}
Qe3+ {[%emt 0:00:01]} 34. Kf1 {[%emt 0:00:11]} Qc1+ {[%emt 0:00:02]} 35. Kf2 {
[%emt 0:00:18]} Qd2+ {[%emt 0:00:03]} 36. Kg1 {[%emt 0:00:19]} Qc1+ {[%emt 0:
00:04]} 1/2-1/2

[Event "European Rapid Championship 2021"]
[Site "Katowice"]
[Date "2021.12.19"]
[Round "7.13"]
[White "Krasenkova, Elena"]
[Black "Wisniewski, Adrian"]
[Result "0-1"]
[WhiteElo "2124"]
[BlackElo "2351"]
[Annotator "NA"]
[PlyCount "116"]
[EventDate "2021.12.18"]
[EventType "swiss"]
[EventCountry "POL"]
[SourceTitle "playchess.com"]
[Source "ChessBase"]
[SourceQuality "1"]
[TimeControl "900+10"]

1. Nf3 {[%emt 0:00:01]} Nf6 {[%emt 0:00:03]} 2. g3 {[%emt 0:00:02]} d5 {
[%emt 0:00:03]} 3. Bg2 {[%emt 0:00:01]} c6 {[%emt 0:00:06]} 4. O-O {[%emt 0:00:
02]} g6 {[%emt 0:00:38]} 5. d4 {[%emt 0:00:02]} Bg7 {[%emt 0:00:02]} 6. Bf4 {
[%emt 0:00:26]} O-O {[%emt 0:00:09]} 7. c3 {[%emt 0:00:33]} Bf5 {[%emt 0:00:16]
} 8. Qb3 {[%emt 0:00:02]} Qc8 {[%emt 0:01:15]} 9. Nbd2 {[%emt 0:00:07]} a5 {
[%emt 0:00:46]} 10. a4 {[%emt 0:00:02]} Na6 {[%emt 0:00:09]} 11. Be5 {[%emt 0:
00:29]} Ne4 {[%emt 0:01:58]} 12. Bxg7 {[%emt 0:00:18]} Kxg7 {[%emt 0:00:02]}
13. Qa3 {[%emt 0:01:11]} Qc7 {[%emt 0:01:00]} 14. b4 {[%emt 0:01:19]} axb4 {
[%emt 0:01:15]} 15. cxb4 {[%emt 0:00:02]} Qd6 {[%emt 0:00:37]} 16. b5 {[%emt 0:
01:31]} cxb5 {[%emt 0:02:34]} 17. axb5 {[%emt 0:00:02]} Qxa3 {[%emt 0:00:08]}
18. Rxa3 {[%emt 0:00:02]} Nc7 {[%emt 0:00:02]} 19. Rb3 {[%emt 0:02:06]} Ra2 {
[%emt 0:02:17]} 20. Nxe4 {[%emt 0:03:52]} dxe4 {[%emt 0:00:02]} 21. Nh4 {
[%emt 0:02:01]} Be6 {[%emt 0:00:02]} 22. d5 {[%emt 0:03:00]} Bxd5 {[%emt 0:01:
18]} 23. Rc3 {[%emt 0:00:01]} Nxb5 {[%emt 0:00:34]} 24. Rc5 {[%emt 0:00:02]}
Bc6 {[%emt 0:00:01]} 25. Bxe4 {[%emt 0:01:16]} Bxe4 {[%emt 0:00:04]} 26. Rxb5 {
[%emt 0:00:02]} Rxe2 {[%emt 0:00:18]} 27. Re5 {[%emt 0:00:32]} e6 {[%emt 0:01:
13]} 28. f3 {[%emt 0:00:13]} Bd3 {[%emt 0:00:01]} 29. Rxe2 {[%emt 0:00:03]}
Bxe2 {[%emt 0:00:01]} 30. Rb1 {[%emt 0:00:07]} b5 {[%emt 0:00:01]} 31. Kf2 {
[%emt 0:00:01]} Bc4 {[%emt 0:00:00]} 32. Ng2 {[%emt 0:00:02]} Rd8 {[%emt 0:00:
02]} 33. Rb2 {[%emt 0:00:06]} Ra8 {[%emt 0:00:04]} 34. Ne3 {[%emt 0:00:04]} Bd3
{[%emt 0:00:33]} 35. Rd2 {[%emt 0:00:03]} Ra3 {[%emt 0:00:04]} 36. Ng4 {
[%emt 0:00:07]} f6 {[%emt 0:00:11]} 37. Rb2 {[%emt 0:00:20]} e5 {[%emt 0:00:24]
} 38. h4 {[%emt 0:00:03]} h5 {[%emt 0:00:04]} 39. Ne3 {[%emt 0:00:01]} f5 {
[%emt 0:00:02]} 40. f4 {[%emt 0:00:35]} e4 {[%emt 0:00:10]} 41. Nd5 {[%emt 0:
00:06]} Kf7 {[%emt 0:00:13]} 42. Nc7 {[%emt 0:00:05]} Ra5 {[%emt 0:00:43]} 43.
Ke3 {[%emt 0:00:00]} Ke7 {[%emt 0:00:06]} 44. Kd4 {[%emt 0:00:05]} Kd6 {
[%emt 0:00:05]} 45. Nd5 {[%emt 0:00:14]} Bc4 {[%emt 0:00:30]} 46. Ne3 {[%emt 0:
00:53]} Ra4 {[%emt 0:00:06]} 47. Nc2 {[%emt 0:00:21]} Bb3+ {[%emt 0:00:29]} 48.
Kc3 {[%emt 0:00:09]} Bxc2 {[%emt 0:00:18]} 49. Kxc2 {[%emt 0:00:01]} Kc5 {
[%emt 0:00:03]} 50. Rb3 {[%emt 0:00:03]} Ra2+ {[%emt 0:00:02]} 51. Kb1 {
[%emt 0:00:01]} Rg2 {[%emt 0:00:02]} 52. Kc1 {[%emt 0:00:03]} Kc4 {[%emt 0:00:
04]} 53. Re3 {[%emt 0:00:01]} b4 {[%emt 0:00:05]} 54. Kd1 {[%emt 0:00:04]} Ra2
{[%emt 0:00:13]} 55. Kc1 {[%emt 0:00:01]} Ra3 {[%emt 0:00:02]} 56. Kd2 {
[%emt 0:00:17]} Rxe3 {[%emt 0:00:08]} 57. Kxe3 {[%emt 0:00:01]} Kc3 {[%emt 0:
00:03]} 58. g4 {[%emt 0:00:01]} hxg4 {[%emt 0:00:08]} 0-1

[Event "European Rapid Championship 2021"]
[Site "Katowice"]
[Date "2021.12.19"]
[Round "7.14"]
[White "Lewtak, Damian"]
[Black "Janik, Igor"]
[Result "0-1"]
[WhiteElo "2185"]
[BlackElo "2462"]
[Annotator "ChessBase"]
[PlyCount "116"]
[EventDate "2021.12.18"]
[EventType "swiss"]
[EventCountry "POL"]
[SourceTitle "playchess.com"]
[Source "ChessBase"]
[SourceQuality "1"]
[TimeControl "900+10"]

1. c3 {[%emt 0:00:03]} b6 {[%emt 0:00:06]} 2. e4 {[%emt 0:00:03]} Bb7 {[%emt 0:
00:01]} 3. d3 {[%emt 0:00:07]} g6 {[%emt 0:00:04]} 4. g3 {[%emt 0:00:04]} d5 {
[%emt 0:00:04]} 5. Nd2 {[%emt 0:00:13]} Bg7 {[%emt 0:00:18]} 6. Bg2 {[%emt 0:
00:21]} e6 {[%emt 0:00:02]} 7. Ngf3 {[%emt 0:00:51]} Nf6 {[%emt 0:00:02]} 8. e5
{[%emt 0:00:09]} Nfd7 {[%emt 0:00:02]} 9. d4 {[%emt 0:00:02]} Ba6 {[%emt 0:00:
01]} 10. Bf1 {[%emt 0:00:05]} Qc8 {[%emt 0:00:12]} 11. h4 {[%emt 0:00:21]} h6 {
[%emt 0:00:17]} 12. h5 {[%emt 0:00:37]} g5 {[%emt 0:00:01]} 13. Nh2 {[%emt 0:
00:44]} c5 {[%emt 0:00:04]} 14. Ng4 {[%emt 0:00:40]} Nc6 {[%emt 0:00:06]} 15.
Nf3 {[%emt 0:03:06]} cxd4 {[%emt 0:02:26]} 16. cxd4 {[%emt 0:00:01]} Nb4 {
[%emt 0:00:04]} 17. Bxa6 {[%emt 0:00:10]} Qxa6 {[%emt 0:00:01]} 18. Qe2 {
[%emt 0:00:16]} Qxe2+ {[%emt 0:00:02]} 19. Kxe2 {[%emt 0:00:02]} f5 {[%emt 0:
00:07]} 20. Ne3 {[%emt 0:00:37]} Nc6 {[%emt 0:00:28]} 21. g4 {[%emt 0:00:38]}
f4 {[%emt 0:00:37]} 22. Nc2 {[%emt 0:01:00]} Rc8 {[%emt 0:00:03]} 23. Na3 {
[%emt 0:00:01]} Bf8 {[%emt 0:00:05]} 24. Bd2 {[%emt 0:00:32]} Bxa3 {[%emt 0:01:
39]} 25. bxa3 {[%emt 0:00:01]} Rc7 {[%emt 0:00:21]} 26. Rhc1 {[%emt 0:00:29]}
Kf7 {[%emt 0:00:00]} 27. Rc2 {[%emt 0:00:05]} Rhc8 {[%emt 0:00:37]} 28. Rac1 {
[%emt 0:00:03]} a5 {[%emt 0:00:28]} 29. a4 {[%emt 0:00:28]} Ke8 {[%emt 0:00:24]
} 30. Kd1 {[%emt 0:00:46]} Kd8 {[%emt 0:00:18]} 31. Rc3 {[%emt 0:00:45]} Ndb8 {
[%emt 0:01:07]} 32. R1c2 {[%emt 0:00:03]} Na6 {[%emt 0:01:26]} 33. Rb2 {
[%emt 0:01:09]} Rb7 {[%emt 0:01:32]} 34. Rcb3 {[%emt 0:00:01]} Rcb8 {[%emt 0:
00:11]} 35. Bc3 {[%emt 0:00:02]} Nc7 {[%emt 0:00:35]} 36. Kd2 {[%emt 0:01:18]}
Ke7 {[%emt 0:02:05]} 37. Kd3 {[%emt 0:00:10]} Kd7 {[%emt 0:01:35]} 38. Ne1 {
[%emt 0:00:01]} b5 {[%emt 0:00:11]} 39. axb5 Rxb5 40. Nc2 {[%emt 0:02:57]} Rxb3
{[%emt 0:00:22]} 41. Rxb3 {[%emt 0:00:02]} Rxb3 42. axb3 {[%emt 0:00:01]} Nb5 {
[%emt 0:00:08]} 43. Bb2 {[%emt 0:00:23]} Kc7 {[%emt 0:00:52]} 44. Na3 {[%emt 0:
00:08]} Nb4+ {[%emt 0:01:14]} 45. Kd2 {[%emt 0:00:02]} Kb6 {[%emt 0:00:44]} 46.
Nxb5 {[%emt 0:00:23]} Kxb5 {[%emt 0:00:01]} 47. Ba3 {[%emt 0:00:01]} a4 {
[%emt 0:00:24]} 48. Kc3 {[%emt 0:00:27]} axb3 {[%emt 0:00:01]} 49. Kxb3 {
[%emt 0:00:01]} Nd3 {[%emt 0:00:26]} 50. Bf8 {[%emt 0:01:43]} Nxf2 {[%emt 0:00:
02]} 51. Bxh6 {[%emt 0:00:03]} Ne4 {[%emt 0:00:55]} 52. Kc2 Kc4 53. Bg7 {
[%emt 0:01:27]} f3 {[%emt 0:00:01]} 54. h6 {[%emt 0:00:01]} f2 {[%emt 0:00:01]}
55. h7 {[%emt 0:00:01]} f1=Q {[%emt 0:00:01]} 56. h8=Q {[%emt 0:00:03]} Qe2+ {
[%emt 0:00:07]} 57. Kb1 {[%emt 0:00:11]} Nc3+ {[%emt 0:00:03]} 58. Kc1 {
[%emt 0:00:02]} Qd1+ {[%emt 0:00:01]} 0-1

[Event "European Rapid Championship 2021"]
[Site "Katowice"]
[Date "2021.12.19"]
[Round "7.14"]
[White "Jazdanovs, Aleksandrs"]
[Black "Jagodzinski, Piotr"]
[Result "1-0"]
[WhiteElo "2089"]
[BlackElo "2145"]
[Annotator "NA"]
[PlyCount "67"]
[EventDate "2021.12.18"]
[EventType "swiss"]
[EventCountry "POL"]
[SourceTitle "playchess.com"]
[Source "ChessBase"]
[SourceQuality "1"]
[TimeControl "900+10"]

1. e4 {[%emt 0:00:08]} c6 {[%emt 0:00:01]} 2. d4 {[%emt 0:00:04]} d5 {[%emt 0:
00:02]} 3. e5 {[%emt 0:00:04]} Bf5 {[%emt 0:00:02]} 4. Nf3 {[%emt 0:00:04]} e6
{[%emt 0:00:02]} 5. Be2 {[%emt 0:00:07]} Nd7 {[%emt 0:00:02]} 6. Nbd2 {[%emt 0:
00:15]} a6 {[%emt 0:00:10]} 7. a4 {[%emt 0:01:20]} Ne7 {[%emt 0:00:02]} 8. c3 {
[%emt 0:00:05]} c5 {[%emt 0:00:02]} 9. Nb3 {[%emt 0:00:23]} Nc6 {[%emt 0:00:03]
} 10. Be3 {[%emt 0:03:51]} cxd4 {[%emt 0:00:19]} 11. Nbxd4 {[%emt 0:00:15]} Bg6
{[%emt 0:00:04]} 12. Nxc6 {[%emt 0:02:09]} bxc6 {[%emt 0:00:01]} 13. Bd3 {
[%emt 0:00:01]} Qc7 {[%emt 0:00:11]} 14. Bxg6 {[%emt 0:01:29]} hxg6 {[%emt 0:
00:01]} 15. Qd4 {[%emt 0:00:01]} Rb8 {[%emt 0:00:43]} 16. Rb1 {[%emt 0:01:09]}
Bc5 {[%emt 0:00:01]} 17. Qf4 {[%emt 0:00:03]} Bxe3 {[%emt 0:00:01]} 18. Qxe3 {
[%emt 0:00:02]} Rh5 {[%emt 0:00:01]} 19. g4 {[%emt 0:00:08]} Rh8 {[%emt 0:04:
27]} 20. O-O {[%emt 0:00:08]} c5 {[%emt 0:00:09]} 21. b3 {[%emt 0:00:57]} Rb7 {
[%emt 0:05:04]} 22. Qf4 {[%emt 0:01:33]} a5 {[%emt 0:02:06]} 23. b4 {[%emt 0:
00:44]} c4 {[%emt 0:04:04]} 24. bxa5 {[%emt 0:00:49]} Nc5 {[%emt 0:00:02]} 25.
a6 {[%emt 0:01:16]} Ra7 {[%emt 0:00:05]} 26. Rb5 {[%emt 0:00:12]} Rxa6 {
[%emt 0:01:09]} 27. Rfb1 {[%emt 0:00:01]} Nb3 {[%emt 0:00:27]} 28. Nd4 {
[%emt 0:00:06]} f6 {[%emt 0:00:10]} 29. Nxb3 {[%emt 0:00:06]} fxe5 {[%emt 0:00:
02]} 30. Qg5 {[%emt 0:00:02]} e4 {[%emt 0:00:21]} 31. h4 {[%emt 0:00:21]} cxb3
{[%emt 0:00:04]} 32. R1xb3 {[%emt 0:00:26]} Ra8 {[%emt 0:00:08]} 33. Qxg6+ {
[%emt 0:00:13]} Kd8 {[%emt 0:00:08]} 34. Qxe6 {[%emt 0:00:25]} 1-0

[Event "European Rapid Championship 2021"]
[Site "Katowice"]
[Date "2021.12.19"]
[Round "7.15"]
[White "Gumularz, Szymon"]
[Black "Janaszak, Dawid"]
[Result "1/2-1/2"]
[WhiteElo "2452"]
[BlackElo "2328"]
[Annotator "ChessBase"]
[PlyCount "77"]
[EventDate "2021.12.18"]
[EventType "swiss"]
[EventCountry "POL"]
[SourceTitle "playchess.com"]
[Source "ChessBase"]
[SourceQuality "1"]
[TimeControl "900+10"]

1. e4 {[%emt 0:02:18]} c5 {[%emt 0:00:01]} 2. Nf3 {[%emt 0:00:02]} Nc6 {
[%emt 0:00:03]} 3. Bb5 {[%emt 0:00:03]} g6 {[%emt 0:00:11]} 4. O-O {[%emt 0:00:
05]} Bg7 {[%emt 0:00:02]} 5. Nc3 {[%emt 0:00:02]} e5 {[%emt 0:01:30]} 6. a3 {
[%emt 0:00:07]} Nge7 {[%emt 0:00:15]} 7. b4 {[%emt 0:00:03]} d6 {[%emt 0:00:20]
} 8. bxc5 {[%emt 0:00:06]} dxc5 {[%emt 0:00:01]} 9. Bc4 {[%emt 0:00:03]} O-O {
[%emt 0:00:10]} 10. d3 {[%emt 0:00:02]} Nd4 {[%emt 0:01:05]} 11. h3 {[%emt 0:
00:13]} Be6 {[%emt 0:00:50]} 12. Bxe6 {[%emt 0:00:17]} Nxe6 {[%emt 0:00:07]}
13. a4 {[%emt 0:00:08]} Rc8 {[%emt 0:00:55]} 14. Nd2 {[%emt 0:00:05]} f5 {
[%emt 0:00:37]} 15. Rb1 {[%emt 0:00:06]} b6 {[%emt 0:00:39]} 16. Nc4 {[%emt 0:
00:51]} f4 {[%emt 0:00:09]} 17. f3 {[%emt 0:00:25]} g5 {[%emt 0:00:51]} 18. Bb2
{[%emt 0:00:06]} Nd4 {[%emt 0:01:23]} 19. Ne2 {[%emt 0:03:37]} Ndc6 {[%emt 0:
01:24]} 20. Bc3 {[%emt 0:00:13]} h5 {[%emt 0:00:40]} 21. a5 {[%emt 0:00:03]}
Rb8 {[%emt 0:00:11]} 22. axb6 {[%emt 0:00:03]} axb6 {[%emt 0:00:01]} 23. Rb5 {
[%emt 0:00:16]} Nc8 {[%emt 0:03:55]} 24. Qa1 {[%emt 0:00:12]} Re8 {[%emt 0:00:
40]} 25. Qb2 {[%emt 0:00:56]} g4 {[%emt 0:00:23]} 26. fxg4 {[%emt 0:00:43]}
hxg4 {[%emt 0:00:02]} 27. hxg4 {[%emt 0:00:03]} Re6 {[%emt 0:01:05]} 28. Nxf4 {
[%emt 0:00:14]} exf4 {[%emt 0:00:02]} 29. Bxg7 {[%emt 0:00:01]} Rg6 {[%emt 0:
00:01]} 30. Be5 {[%emt 0:00:12]} Rb7 {[%emt 0:01:05]} 31. Rxf4 {[%emt 0:03:19]}
Qh4 {[%emt 0:00:26]} 32. Qa2 {[%emt 0:00:11]} Kh7 {[%emt 0:00:34]} 33. Rf3 {
[%emt 0:04:48]} Qxg4 {[%emt 0:00:09]} 34. Rf2 {[%emt 0:00:42]} Qd1+ {[%emt 0:
00:02]} 35. Rf1 {[%emt 0:00:03]} Qe2 {[%emt 0:00:12]} 36. Rf2 {[%emt 0:00:01]}
Qd1+ {[%emt 0:00:12]} 37. Rf1 {[%emt 0:00:01]} Qe2 {[%emt 0:00:06]} 38. Rf2 {
[%emt 0:00:02]} Qd1+ {[%emt 0:00:08]} 39. Rf1 1/2-1/2

[Event "European Rapid Championship 2021"]
[Site "Katowice"]
[Date "2021.12.19"]
[Round "7.15"]
[White "Skawinski, Arkadiusz"]
[Black "Lukasiewicz, Krzysztof"]
[Result "0-1"]
[WhiteElo "2367"]
[BlackElo "2251"]
[Annotator "NA"]
[PlyCount "62"]
[EventDate "2021.12.18"]
[EventType "swiss"]
[EventCountry "POL"]
[SourceTitle "playchess.com"]
[Source "ChessBase"]
[SourceQuality "1"]
[TimeControl "900+10"]

1. e4 {[%emt 0:00:02]} c6 {[%emt 0:00:01]} 2. Nf3 {[%emt 0:00:03]} d5 {[%emt 0:
00:01]} 3. Nc3 {[%emt 0:00:01]} Nf6 {[%emt 0:00:01]} 4. e5 {[%emt 0:00:02]} Ne4
{[%emt 0:00:02]} 5. Ne2 {[%emt 0:00:01]} Qb6 {[%emt 0:00:12]} 6. d4 {[%emt 0:
00:02]} e6 {[%emt 0:00:01]} 7. Ng3 {[%emt 0:00:05]} c5 {[%emt 0:00:23]} 8. Bd3
{[%emt 0:00:07]} Nxg3 {[%emt 0:01:03]} 9. fxg3 {[%emt 0:00:02]} Nc6 {[%emt 0:
00:45]} 10. O-O {[%emt 0:00:02]} cxd4 {[%emt 0:00:03]} 11. a3 {[%emt 0:00:20]}
Bd7 {[%emt 0:01:36]} 12. Qe2 {[%emt 0:00:15]} f6 {[%emt 0:03:36]} 13. Kh1 {
[%emt 0:08:55]} O-O-O {[%emt 0:01:09]} 14. b4 {[%emt 0:00:39]} Qc7 {[%emt 0:00:
35]} 15. Bf4 {[%emt 0:01:35]} g5 {[%emt 0:00:38]} 16. b5 {[%emt 0:00:01]} Nb8 {
[%emt 0:02:39]} 17. Bd2 {[%emt 0:00:17]} g4 {[%emt 0:00:02]} 18. Nxd4 {[%emt 0:
01:49]} fxe5 {[%emt 0:00:09]} 19. Qxg4 {[%emt 0:00:17]} exd4 {[%emt 0:00:28]}
20. Qxd4 {[%emt 0:00:01]} Bc5 {[%emt 0:00:31]} 21. Qh4 {[%emt 0:00:46]} e5 {
[%emt 0:01:45]} 22. c4 {[%emt 0:00:01]} d4 {[%emt 0:02:00]} 23. Rf7 {[%emt 0:
00:36]} Rdf8 {[%emt 0:00:01]} 24. Rxh7 {[%emt 0:00:26]} Rxh7 {[%emt 0:00:06]}
25. Qxh7 {[%emt 0:00:01]} Be6 {[%emt 0:00:15]} 26. Qh6 {[%emt 0:00:27]} Qe7 {
[%emt 0:00:10]} 27. Re1 {[%emt 0:00:42]} Nd7 {[%emt 0:00:01]} 28. Bg5 {[%emt 0:
00:16]} Qf7 {[%emt 0:00:05]} 29. h4 {[%emt 0:00:02]} Bxc4 {[%emt 0:01:04]} 30.
Bxc4 {[%emt 0:01:34]} Qxc4 {[%emt 0:00:01]} 31. Rc1 {[%emt 0:00:01]} Rf1+ {
[%emt 0:00:02]} 0-1